000 00550nam a2200241Ia 4500
008 230203s9999 xx 000 0 und d
020 _a9780070534773
041 _aEnglish
082 _a681.3.423.12 BAL
100 _aBalagurusamy ( E)
245 0 _aProgramming in Ansi C
250 _a3
260 _aDelhi
260 _bTata McGraw-Hill Publishing Company Limited
260 _c2004
300 _axiv+493
300 _bPaper Back
365 _b100
365 _d100
563 _aPaper Back
650 _aAnsi C
942 _cBK
999 _c184597
_d184597